Pendedahan mengenai Nilai Terbaik Kemahiran Yang Penting untuk Sektor Awam (Record no. 1970)

000 -LEADER
fixed length control field nam a22 a 4500
005 - DATE AND TIME OF LATEST TRANSACTION
control field 20170512155454.0
008 - FIXED-LENGTH DATA ELEMENTS--GENERAL INFORMATION
fixed length control field 170512b2000 my ||||| |||| 00| 0 eng d
020 ## - INTERNATIONAL STANDARD BOOK NUMBER
International Standard Book Number 9677011367
040 ## - CATALOGING SOURCE
Original cataloging agency AKMAL
082 ## - DEWEY DECIMAL CLASSIFICATION NUMBER
Classification number 352.375094121
090 ## - LOCALLY ASSIGNED LC-TYPE CALL NUMBER (OCLC); LOCAL CALL NUMBER (RLIN)
Classification number (OCLC) (R) ; Classification number, CALL (RLIN) (NR) 352.375094121
100 ## - MAIN ENTRY--PERSONAL NAME
Personal name Jennifer Bean
9 (RLIN) 4077
245 ## - TITLE STATEMENT
Title Pendedahan mengenai Nilai Terbaik Kemahiran Yang Penting untuk Sektor Awam
Remainder of title Best Value Uncovered Essential Skills for the Public Sector
260 ## - PUBLICATION, DISTRIBUTION, ETC.
Place of publication, distribution, etc. Malaysia
Name of publisher, distributor, etc. MDC PUBLISHERS SDN BHD
Date of publication, distribution, etc. 2000
300 ## - PHYSICAL DESCRIPTION
Extent 168p
Dimensions 24cm
700 ## - ADDED ENTRY--PERSONAL NAME
Personal name Lascelles Hussey
9 (RLIN) 4078
942 ## - ADDED ENTRY ELEMENTS (KOHA)
Source of classification or shelving scheme
Koha item type Book
Holdings
Withdrawn status Lost status Source of classification or shelving scheme Damaged status Not for loan Collection code Home library Current library Shelving location Date acquired Inventory number Total Checkouts Full call number Barcode Date last seen Price effective from Koha item type
          NON-FICTION AKMAL Melaka AKMAL Melaka PINJAMAN 12.05.2017 305980   352.375094121 201706200 12.05.2017 12.05.2017 Book
          NON-FICTION AKMAL Melaka AKMAL Melaka PINJAMAN 12.05.2017 305979   352.375094121 201706199 12.05.2017 12.05.2017 Book
Pusat Sumber Maklumat Dato' Haji Sarmin Md Hussin, Akademi Kastam Diraja Malaysia, Melaka
Tel: 06-2331106 | Faks: 06-2313787